000 00680nam a2200193Ia 4500
003 LDD
008 190117s9999 xx 000 0 und d
020 _a9788180314889
_c₹1400
040 _cLDD
041 _ahi
082 _a8H3.7 भा6442
100 _aओझा, सन्हैयालाल
245 0 _aभारतीय श्रेष्ठ कहानियां
_cसन्हैयालाल ओझा
260 _aइलाहाबाद
_bलोकभारती प्रकाशन
_c2011
300 _a548पृ.
901 _aRAJ
904 _aReqst by : J.M. Parakh
942 _2ddc
_cH
999 _c155289
_d155289